| 000 | 02035nam a22003137a 4500 | ||
|---|---|---|---|
| 005 | 20090221120427.0 | ||
| 008 | 090221t xxu||||| |||| 00| 0 eng d | ||
| 010 | _aB-340703-708 | ||
| 020 |
_a9798126024253 _c150.00 |
||
| 020 |
_a8126024259 _c150.00 |
||
| 035 | _aB-340703-708 | ||
| 037 | _bNorth India Publishers & Distributors | ||
| 040 |
_adpl _bEnglish |
||
| 082 | _a881 | ||
| 100 | _aDev | ||
| 245 |
_aWhere words end : _cby Dev; translated by Gurbhagat Singh _ba collection of poems in Punjabi / |
||
| 260 |
_aNew Delhi _bSahitya Akademi _c2007 |
||
| 270 |
_aRabindra Bhavan, 35 Ferozeshah Road , _bNew Delhi _e110001 |
||
| 300 |
_axxiv, 347.p. _c23cm.(Hb) |
||
| 700 | _aGurbhagat Singh | ||
| 942 |
_2ddc _cEN _h881 _mDEV |
||
| 999 |
_c24145 _d24145 |
||